000 00702cam a2200229 i 4500
999 _c2427
_d2427
001 021813103
003 UkOxU
005 20230512100634.0
008 150819s2012 nyua 001 0 eng d
020 _a9780062253002
040 _aI8M
_bspa
_cI8M
_dKH8
049 _lo
082 0 4 _aFIC ARI
100 1 _aAriely, Dan.
_eauthor
245 1 4 _aThe (honest) truth about dishonesty :
_bhow we lie to everyone-- especially ourselves /
_cDan Ariely.
260 _aNew York :
_bHarper Collins Publishers,
_cc2012.
300 _a[18], 284 p. :
_bill. ;
_c18 cm.
504 _aIncludes bibliographical references and index.
650 0 _aHonesty.
650 0 _aTruthfulness and falsehood.
942 _2ddc
_cFIC